Statistics for FIFA FOOTBALL PORTUGAL PLAYER BY PICTURE

Click here to take the quiz!

General Stats

  • This quiz has been taken 37 times
  • The average score is 27 of 37

Answer Stats

Answer% Correct
Cristiano Ronaldo
94%
João Félix
94%
Luís Figo
94%
Bernardo Silva
92%
Bruno Fernandes
92%
Eusébio
92%
Pepe
92%
João Cancelo
86%
Nani
86%
Rúben Dias
86%
Rúben Neves
86%
Deco
83%
Diogo Jota
83%
Rafael Leão
83%
Renato Sanches
78%
Rui Patrício
78%
Diogo Dalot
75%
João Moutinho
75%
Ricardo Quaresma
75%
Raphaël Guerreiro
72%
William Carvalho
72%
Gonçalo Ramos
69%
João Mário
69%
João Palhinha
69%
Nélson Semedo
69%
Vitinha
69%
Rui Costa
67%
Danilo Pereira
64%
José Fonte
64%
André Gomes
61%
André Silva
58%
Nuno Mendes
56%
Otávio
56%
Anthony Lopes
53%
Ricardo Pereira
53%
Gonçalo Guedes
50%
Pedro Gonçalves
31%

Score Distribution

Percentile by Number Answered

Percent of People with Each Score

Your Score History

You have not taken this quiz